000 00418nam a2200145Ia 4500
003 GCL
008 140319s9999 xx 000 0 ara d
040 _aGCL /
_cGCL
082 0 4 _a189
_bم د
100 1 _aمحمد مفتاح
245 1 0 _aدنيامية النص :تنظير وانجاز /
_cمحمد مفتاح
260 _a[S.N] :
_bالمركز الثقافى العربى ،
_c1987
300 _a224
490 _a
999 _c53545
_d53545